000 00419nab a2200145Ia 4500
003 ES-SlBCS
005 20210601134046.0
008 140529s1983 xxu||||| |||| 00| 0 por d
041 _apor
100 1 _aStefani, Ernesto Daniel
_9212719
245 0 0 _aHumanização da Medicina
_c Ernesto Daniel Stefani
650 0 4 _aMedicina
_914377
773 0 _tVeritas
_gvol. 28, nº. 112, 1983, págs. 409-422
_wRev488
942 _cAR
999 _c606431
_d606431